00630 a2200181 450000500170000000800410001701000140005802000110007203500130008303700150009608200150011110000300012624501130015626000690026927000540033830000350039270000210042720080826111921.0080826t xxu||||| |||| 00| 0 eng d aENG-87156 c750.00 aEN-70689 bDBAD / PUB a581.909545 a[Chaudhuri] Chowdhury, S. aAssam's floracby S. Chowdhury; assisted by Ashis Kumar Nath ... [et. al]bpresent status of vascular plants aGuwahatibAssam Science Technology and Environment Councilc2005 aUN Bezbaruah Road, Silpukhuri,bGuwahatie781 003 a368p.c24cm (Hb )bcol.photos aAshis Kumar Nath